LEADER 00881nam2-22003011i-450- 001 990000227020403321 035 $a000022702 035 $aFED01000022702 035 $a(Aleph)000022702FED01 035 $a000022702 100 $a20011111d--------km-y0itay50------ba 101 0 $aita 105 $ay-------001yy 200 1 $a1.: Tavole. 6 p., 59 tav. : ill. 210 $aRoma$cTipografia della Camera dei deputati$d1908- 215 $av.$d33 cm 461 0$1001000011531$12001$aAtti del Comitato tecnico esecutivo 610 0 $aNavigazione interna 676 $a627.1 710 02$aItalia.$bCommissione per la navigazione interna$0333312 801 0$aIT$bUNINA$gRICA$2UNIMARC 901 $aBK 912 $a990000227020403321 952 $a13 G 27 19$b6331$fFINBC 959 $aFINBC 996 $a1.: Tavole. 6 p., 59 tav. : ill$9122835 997 $aUNINA DB $aING01 LEADER 01752nam0 2200409 i 450 001 VAN0047475 005 20240219030022.621 010 $a978-08-17-63258-8$bsoftcover ISBN 100 $a20060710d2004 |0itac50 ba 101 $aeng 102 $aUS 105 $a|||| ||||| 200 1 $aˆA ‰topological introduction to nonlinear analysis$fRobert F. Brown 205 $a2. ed 210 $aBoston$cBirkhäuser$d2004 215 $aXI, 184 p.$d24 cm 500 1$3VAN0241154$aˆA ‰topological introduction to nonlinear analysis$981626 606 $a47-XX$xOperator theory [MSC 2020]$3VANC019759$2MF 606 $a46Axx$xTopological linear spaces and related structures [MSC 2020]$3VANC022219$2MF 606 $a58E07$xVariational problems in abstract bifurcation theory in infinite-dimensional spaces [MSC 2020]$3VANC022281$2MF 610 $aDifferential Equation$9KW:K 610 $aDistribution$9KW:K 610 $aFunctional Analysis$9KW:K 610 $aOrdinary differential equations$9KW:K 610 $aPartial differential equations$9KW:K 610 $aTopology$9KW:K 620 $dBoston$3VANL000051 700 1$aBrown$bRobert F.$3VANV037758$056656 712 $aBirkhäuser $3VANV108193$4650 790 1$aBrown, R. F.$zBrown, Robert F.$3VANV036857 790 1$aBrown, R.F.$zBrown, Robert F.$3VANV064233 801 $aIT$bSOL$c20240223$gRICA 899 $aBIBLIOTECA DEL DIPARTIMENTO DI MATEMATICA E FISICA$1IT-CE0120$2VAN08 912 $aVAN0047475 950 $aBIBLIOTECA DEL DIPARTIMENTO DI MATEMATICA E FISICA$d08PREST 54-XX 0594 $e08 7408 I 20060710 996 $aTopological introduction to nonlinear analysis$981626 997 $aUNICAMPANIA